Home report (Record no. 108949)

MARC details
000 -LEADER
fixed length control field 02314cam a22002655a 4500
001 - CONTROL NUMBER
control field E145859
008 - FIXED-LENGTH DATA ELEMENTS--GENERAL INFORMATION
fixed length control field 081114s2008 xxko f 000 0 eng d
035 ## - SYSTEM CONTROL NUMBER
System control number (Sirsi) u145859
041 0# - LANGUAGE CODE
Language code of text/sound track or separate title eng
050 04 - LIBRARY OF CONGRESS CALL NUMBER
Classification number 333.332 $2 18
110 2# - MAIN ENTRY--CORPORATE NAME
Corporate name or jurisdiction name as entry element Royal Institution of Chartered Surveyors
Subordinate unit Scottish Branch
9 (RLIN) 830
245 00 - TITLE STATEMENT
Title Home report
Remainder of title a guide for buyers and sellers in Scotland
Medium [electronic resource]
260 ## - PUBLICATION, DISTRIBUTION, ETC.
Place of publication, distribution, etc. Edinburgh
Name of publisher, distributor, etc. RICS
Date of publication, distribution, etc. 2008
300 ## - PHYSICAL DESCRIPTION
Extent 11p.
Other physical details ill.
Dimensions 21cm.
505 2# - FORMATTED CONTENTS NOTE
Formatted contents note What is a Home Report? -- How do I get a Home Report? -- How much will a Home Report cost? -- Does my home need a Home Report? -- Which homes don't need a Home Report? -- Why are Home Reports a legal requirement? -- How will the home owner pay for the Home Report? -- Does the Home Report have a 'use by' date once the home is on the market? -- How far in advance of a home being marketed for sale can a Home Report be compiled? -- If I buy a property which has a Home Report and sell that same property soon afterwards, do I have to get another Home Report done? -- How long will it take for sellers to get a completed Home Report? -- Will all mortgage providers accept the generic Mortgage Valuation Report? -- What if the home owner chooses not to get a generic Mortgage Valuation Report? -- What happens if I don't get a Home Report? -- Can buyers trust the single survey and valuation in the Home Report? -- Can I get my own survey or valuation done on a house I want to buy? -- What if I am unhappy with parts of the Home Report? -- Where can I get more information?
520 ## - SUMMARY, ETC.
Summary, etc. Leaflet which sets out the answers to various questions regarding the new Home Report, which is being introduced in Scotland on 1 December 2008. The Home Report will consist of three elements: a single survey, an energy report and a property questionnaire, and will need to be supplied by sellers to prospective purchasers of their property.
521 ## - TARGET AUDIENCE NOTE
Target audience note Introductory
590 ## - LOCAL NOTE (RLIN)
Local note KA NTK
650 24 - SUBJECT ADDED ENTRY--TOPICAL TERM
Topical term or geographic name entry element SCOTTISH SINGLE SURVEY SCHEME
650 24 - SUBJECT ADDED ENTRY--TOPICAL TERM
Topical term or geographic name entry element HOME REPORT
651 #4 - SUBJECT ADDED ENTRY--GEOGRAPHIC NAME
Geographic name Scotland
Chronological subdivision 1999-
690 ## - LOCAL SUBJECT ADDED ENTRY--TOPICAL TERM (OCLC, RLIN)
Topical term or geographic name as entry element PROPERTY-RESIDENTIAL PROPERTY-ACQUISITION AND DISPOSAL OF RESIDENTIAL PROPERTY
856 41 - ELECTRONIC LOCATION AND ACCESS
Uniform Resource Identifier <a href="https://www.rics.org/site/scripts/documents_info.aspx?documentID=105">https://www.rics.org/site/scripts/documents_info.aspx?documentID=105</a>
Public note View the leaflet free of charge at www.rics.org...
942 ## - ADDED ENTRY ELEMENTS (KOHA)
Suppress in OPAC 0
Holdings
Withdrawn status Lost status Source of classification or shelving scheme Damaged status Not for loan Home library Current library Shelving location Date acquired Total Checkouts Full call number Barcode Date last seen Copy number Price effective from Koha item type
    Dewey Decimal Classification     Virtual Virtual Online 08/12/2008   ONLINE PUBLICATION 145859-2001 06/08/2019 1 06/08/2019 Book